|
|
|
|
| LEADER |
00771cam a2200229 a 4500 |
| 001 |
0000140946 |
| 005 |
20141128090000.0 |
| 040 |
|
|
|a mod
|
| 041 |
|
|
|a eng
|
| 020 |
0 |
0 |
|a 9781606925546
|
| 090 |
0 |
0 |
|a 341.65
|b BET
|e 2009
|
| 245 |
1 |
0 |
|a Enemy combatant detainees
|c edited by Earl P. Bettinton
|
| 260 |
0 |
0 |
|a New York
|b Nova Science Publishers
|c 2009
|
| 300 |
0 |
0 |
|a vii, 103 p.
|c 23 cm
|
| 504 |
0 |
0 |
|a Includes bibliographical references and index
|
| 650 |
0 |
0 |
|a Detention of persons
|z United States
|
| 650 |
0 |
0 |
|a Police questioning
|z United States
|
| 650 |
0 |
0 |
|a Habeas corpus
|z United States
|
| 650 |
0 |
0 |
|a Terrorists
|x Legal status, laws, etc
|z United States
|
| 700 |
1 |
1 |
|a Bettinton
|h Earl P.
|
| 852 |
0 |
0 |
|a 01
|
| 999 |
|
|
|a 0297397
|b KEMENTAH
|d BOOKS
|e Umum
|f Perpustakaan KEMENTAH
|j AVAILABLE
|q GOOD CONDITION
|